6th international conference on new challenges in management and business conference proceedings : Dubai, UAE, february 11, 2017

Salvato in:
Dettagli Bibliografici
Enti autori: 6th international conference on new challenges in management and business. International conference, Industrial Management Institute
Altri autori: Mohebbi, Hassan
Natura: Libro
Lingua:inglese
Pubblicazione: [Tehran] [Ardabil Industrial Management Institute (AIMI)] 2017
Edizione:1st ed.
Soggetti:
Tags: Aggiungi Tag
Nessun Tag, puoi essere il primo ad aggiungerne!!

MARC

LEADER 00000nlm a2200000 4500
001 0230034
005 20240514121701.5
020 |a 978-600-7826-00-3 
041 0 |a eng 
044 |a IR 
245 1 0 |a 6th international conference on new challenges in management and business  |b conference proceedings : Dubai, UAE, february 11, 2017  |c executive editor: Hassan Mohebbi 
250 |a 1st ed. 
264 1 |a [Tehran]  |b [Ardabil Industrial Management Institute (AIMI)]  |c 2017 
300 |a online [118 s.] 
500 |a ISBN je zhodné so zborníkom z "3rd international conference on new challenges in management and business" 
610 2 0 |a manažment 
610 2 0 |a manažment medzinárodný 
610 2 0 |a podnikanie 
610 2 0 |a podnikanie medzinárodné 
700 1 |a Mohebbi, Hassan 
110 2 |a 6th international conference on new challenges in management and business. International conference 
710 2 |a Industrial Management Institute